00754cam a22002291 4500001001300000003000400013005001700017008004100034010001700075035002000092040001900112042001200131050001900143060002100162100003700183245013900220250001100359260005500370300002000425504002700445710005200472sg 44000293 DLC20260227112744.0810725s1944 xx f 000 0 eng  asg 44000293  a(OCoLC)14734811 aDLCcDNLMdDLC apremarc00aRB37b.K4 19440 aQY 25bK29m 19441 aKeller, Alexander George,d1895-10aManual of the biochemical laboratories of the Graduate hospital, University of Pennsylvania,ccompiled by Alexander G. Keller, jr. ... a3d ed. a[Philadelphia,bUniversity of Pennsylvania]c1944. a154 p.bplates. aIncludes "References."2 aUniversity of Pennsylvania.bGraduate hospital.